| 000 | 00901cab a2200241 4500 | ||
|---|---|---|---|
| 001 | WB3506-10 | ||
| 008 | 090401t1999 xxu||||| |||| 00| 0 eng d | ||
| 035 | _a(Sirsi) u91256 | ||
| 041 | _aeng | ||
| 245 | _aAll change for asbestos removal | ||
| 260 | _c1999 | ||
| 350 | _a0 | ||
| 490 |
_aBuilding Trade and Industry _v15 (2) February 1999, 4(1) |
||
| 520 | _aDiscusses revisions to the Asbestos (Licensing) Regulations 1983 (ASLIC) and Control of Asbestos at Work Regulations 1987. All work involving the removal of asbestos, other than asbestos cement sheet, can only be done by a contractor holding a license under ASLIC. | ||
| 650 | _aASBESTOS (LICENSING) REGULATIONS 1983 | ||
| 650 | _aASBESTOS AT WORK REGULATIONS 1987 | ||
| 650 | _aASBESTOS REMOVAL | ||
| 650 | _aHSE | ||
| 650 | _aLICENCES | ||
| 690 | _aBUILT ENVIRONMENT-BUILDING MATERIALS | ||
| 942 | _n0 | ||
| 948 | _c11/02/1999 | ||
| 999 |
_c57910 _d57910 |
||